000 00533nam a2200181Ia 4500
008 090124s9999 xx 000 0 und d
082 _b4042
_a17
100 _aजोशी ज. वा.
245 _a खोती सत्ताप्रकार
250 _a1
260 _c1929
300 _a359
600 _aजोशी ज. वा.
630 _a खोती सत्ताप्रकार
700 _aजोशी ज. वा.
730 _a खोती सत्ताप्रकार
942 _cBOOK
999 _c117983
_d117983